|
|
|
|
| LEADER |
00943nam a2200265 a 4500 |
| 001 |
1479 |
| 003 |
BD-DhAAL |
| 008 |
110302s1975 ohua b 001 0 eng |
| 999 |
|
|
|c 10509
|d 10509
|
| 010 |
|
|
|a 74076677
|
| 020 |
|
|
|a 0538070706
|
| 040 |
|
|
|a DLC
|c DLC
|d DLC
|d BD-DhAAL
|
| 050 |
0 |
0 |
|a HD31
|b .L316
|
| 082 |
0 |
0 |
|a 658.4
|
| 100 |
1 |
|
|a Laufer, Arthur C.
|9 40365
|
| 245 |
1 |
0 |
|a Operations management /
|c Arthur C. Laufer.
|
| 260 |
|
|
|a Cincinnati :
|b South-Western Pub. Co.,
|c 1975
|
| 300 |
|
|
|a xi, 548 pages :
|b illustrations ;
|c 24 cm.
|
| 504 |
|
|
|a Includes bibliographical references and index.
|
| 541 |
1 |
|
|e 00001479
|
| 650 |
|
0 |
|a Industrial management.
|9 40366
|
| 650 |
|
0 |
|a System analysis.
|9 40367
|
| 852 |
|
|
|a Ayesha Abed Library
|c General Stacks
|
| 942 |
|
|
|2 ddc
|c BK
|
| 952 |
|
|
|0 0
|1 0
|2 ddc
|4 0
|6 658_400000000000000_LAU
|7 0
|9 14515
|a BRACUL
|b BRACUL
|c GEN
|d 2011-03-02
|g 0.00
|l 0
|o 658.4 LAU
|p 3010001479
|r 2011-03-02
|t 1
|w 2011-03-02
|y BK
|z Not price in Register
|